|
|
|
|
| LEADER |
02741nam a2200421 i 4500 |
| 001 |
34384 |
| 003 |
BD-DhAAL |
| 005 |
20211207123416.0 |
| 008 |
190324t2019 enka b 001 0 eng |
| 999 |
|
|
|c 40520
|d 40520
|
| 010 |
|
|
|a 2018030479
|
| 020 |
|
|
|a 9781138068810 (pbk. : alk. paper)
|
| 020 |
|
|
|a 9781138068797 (hbk. : alk. paper)
|
| 020 |
|
|
|a 9781315157610 (ebk)
|
| 040 |
|
|
|a DLC
|b eng
|c DLC
|e rda
|d DLC
|d BD-DhAAL
|
| 042 |
|
|
|a pcc
|
| 043 |
|
|
|a e-uk---
|
| 050 |
0 |
0 |
|a HT690.G7
|b D38 2019
|
| 082 |
0 |
0 |
|a 305.550942
|2 23
|
| 100 |
1 |
|
|a Davidoff, Leonore,
|e author.
|9 30527
|
| 245 |
1 |
0 |
|a Family fortunes :
|b men and women of the English middle class, 1780-1850 /
|c Leonore Davidoff and Catherine Hall.
|
| 250 |
|
|
|a 3rd edition.
|
| 260 |
|
|
|a London ;
|a New York :
|b Routledge, Taylor & Francis Group,
|c c2019
|
| 300 |
|
|
|a lxiv, 576 pages :
|b illustrations ;
|c 24 cm.
|
| 504 |
|
|
|a Includes bibliographical references (pages 470-559) and index.
|
| 505 |
|
|
|a Acknowledgements Introduction to the third edition Introduction Prologue Setting the scene Part One Religion and Ideology 1 `The one thing needful': religion and the middle class 2 `Ye are all one in Christ Jesus': men, women and religion 3 `The nursery of virtue': domestic ideology and the middle class Part Two Economic Structure and Opportunity 4 `A modest competency': men, women and property 5 `A man must act': men and the enterprise 6 `The hidden investment': women and the enterprise Part Three Everyday Life: Gender in Action 7 `Our family is a little world': family structure and relationships 8 `My own fireside': the creation of the middle-class home 9 `Lofty pine and clinging vine': living with gender in the middle class 10 `Improving times': men, women and the public sphere Epilogue Appendices Notes and references Select bibliography People index Subject index
|
| 526 |
|
|
|a ESS
|
| 541 |
|
|
|a Parama
|e 34384
|
| 650 |
|
0 |
|a Middle class
|z England
|x History
|y 18th century
|v Case studies.
|9 30528
|
| 650 |
|
0 |
|a Middle class women
|z England
|x History
|y 18th century
|v Case studies.
|9 30529
|
| 650 |
|
0 |
|a Middle class
|z England
|x History
|y 19th century
|v Case studies.
|9 30530
|
| 650 |
|
0 |
|a Middle class women
|z England
|x History
|y 19th century
|v Case studies.
|9 30531
|
| 650 |
|
0 |
|a Economics.
|9 43520
|
| 700 |
1 |
|
|a Hall, Catherine,
|d 1946-
|e author.
|9 30532
|
| 776 |
0 |
8 |
|i Online version:
|a Davidoff, Leonore, author.
|t Family fortunes
|b 3rd edition.
|d Abingdon, Oxon ; New York, NY : Routledge, 2019
|z 9781315157610
|w (DLC) 2018032516
|
| 852 |
|
|
|a Ayesha Abed Library
|c General Stacks
|
| 942 |
|
|
|2 ddc
|c BK
|
| 952 |
|
|
|0 0
|1 0
|2 ddc
|4 0
|6 305_550942000000000_DAV
|7 0
|9 65143
|a BRACUL
|b BRACUL
|c GEN
|d 2019-02-26
|e Parama
|g 2484.29
|l 0
|o 305.550942 DAV
|p 3010034384
|r 2019-02-26
|t 1
|v 2484.29
|w 2019-02-26
|y BK
|